000 00312nam a2200109Ia 4500
008 200302s9999 xx 000 0 und d
100 _aYasmin Shariff and Jane Tankard
245 _aTowards a New Architect The Guide for Architecture Students
260 _bArchitectureal Press
260 _c2010
300 _a120 P.,
999 _c3265
_d3265